Strategic partnering
Αποθηκεύτηκε σε:
| Κύριος συγγραφέας: | |
|---|---|
| Μορφή: | Βιβλίο |
| Γλώσσα: | English |
| Δημοσίευση: |
New York :
McGraw-Hill,
c1993
|
| Θέματα: | |
| Ετικέτες: |
Προσθήκη ετικέτας
Δεν υπάρχουν, Καταχωρήστε ετικέτα πρώτοι!
|
MARC
| LEADER | 00000nam a2200000 i 4500 | ||
|---|---|---|---|
| 001 | 1/29989 | ||
| 008 | 950728s1993 eng d | ||
| 020 | |a 0070576122 |c $29.95 | ||
| 035 | |l 10023321 | ||
| 040 | |a GR-MY-UA |b gre |e aacr | ||
| 041 | 0 | |a eng | |
| 082 | 0 | |a 658.044 |2 (20) | |
| 100 | 1 | |a Silver, A. David |q (Aaron David) |d 1941- | |
| 245 | 1 | 0 | |a Strategic partnering / |c A. David Silver |
| 260 | |a New York : |b McGraw-Hill, |c c1993 | ||
| 300 | |a p. cm | ||
| 650 | 0 | 0 | |a Strategic alliances (Business) |z United States. |
| 650 | 0 | 0 | |a Venture capital |z United States. |
| 650 | 0 | 0 | |a Capitalists and financiers |z United States |x Directories. |
| 650 | 0 | 0 | |a Corporations |z United States |x Directories. |
| 852 | |a INST |b CHIOS |e 19950728 |h 658.044 SIL |p 005200004075 |q 005200004075 |t BK |y 0 | ||
| 909 | |a Χ |b 032223 | ||